Corporate Founders Quiz Stats

 Plays Quiz Updated Feb 27, 2020

Support Sporcle.
Go Orange.
Score 0/20 Timer 06:00
0 Plays Today
Company Founder % Correct
WalmartSam Walton
73.7%
Virgin RecordsRichard Branson, Simon Draper, and Nik Powell
52.1%
Berkshire HathawayWarren Buffett
49.5%
U.S. SteelAndrew Carnegie, J.P Morgan, Charles Schwab, and Elbert Henry Gary
46.9%
ExxonMobil (Standard Oil)John D. Rockefeller
45.5%
McDonaldsRay Kroc
44.1%
News CorporationRupert Murdoch
34.7%
NikeBill Bowerman & Philip Knight
29.1%
General ElectricThomas Edison
26.8%
Coca-ColaAsa Griggs Candler, John Stith Pemberton & Ed Holland
8.9%
Company Founder % Correct
Ben & Jerry'sBen Cohen & Jerry Greenfield
8.1%
CBS CorporationWilliam S. Paley
7.4%
K-MartSebastian S. Kresge
7.3%
Domino's PizzaTom Monaghan
6.1%
American ExpressHenry Wells, William Fargo, & John Butterfield
4.2%
General MotorsWilliam C. Durant
3.9%
Sports DirectMike Ashley
3.6%
Electronic ArtsTrip Hawkins
2.1%
Goodyear Tire & Rubber CompanyFrank Seiberling
1.9%
Sotheby'sSamuel Baker
1.5%

From the Vault

Ancient Wonders

by Derek

History 3m
This quiz isn't as spectacular as the real wonders, but you can go look up photographs after playing.
Remove Ads.
Support Sporcle.
Get the best of Sporcle when you Go Orange. This ad-free experience offers more features, more stats, and more fun while also helping to support Sporcle. Thank you for becoming a member.

Show Comments

Extras

Top Quizzes Today


Score Distribution

Your Account Isn't Verified!

In order to create a playlist on Sporcle, you need to verify the email address you used during registration. Go to your Sporcle Settings to finish the process.

Report this User

Report this user for behavior that violates our Community Guidelines.

Details: